| 000 | 00773nac a22001931u 4500 | ||
|---|---|---|---|
| 010 | _a 2002067072 | ||
| 020 | _a0262134160 (alk. paper) | ||
| 082 | 0 | 0 |
_a338.8 _bM3429 |
| 090 |
_c2307 _d2307 |
||
| 100 | _aMarkusen, James R., | ||
| 245 | 1 | 0 |
_aMultinational firms and the theory of international trade / _cJames R. Markusen. |
| 260 |
_aCambridge, Mass. : _bMIT Press,2002 _c2002. |
||
| 300 |
_axxii, 440 p. : _bill. ; _c24 cm. |
||
| 504 | _aIncludes bibliographical references (p. [419]-427) and index. | ||
| 650 | 0 | _aInternational trade. | |
| 650 | 0 |
_aInternational business enterprises _xManagement. |
|
| 942 |
_cNB _k338.8M3469 |
||
| 999 |
_c2307 _d2307 |
||